Evolúcia koordinácie celulárnych automatov

Gespeichert in:
Bibliographische Detailangaben
1. Verfasser: Pifková, Hana, 1985- (Verfasst von)
Weitere Verfasser: Pospíchal, Jiří, 1961- (Betreuung Doktorarbeit)
Format: Manuskript Buch
Sprache:Slowakisch
Veröffentlicht: STU v Bratislave FIIT, 2009
Schlagworte:
Tags: Tag hinzufügen
Keine Tags, Fügen Sie das erste Tag hinzu!

MARC

LEADER 00000ntm a22000003a 4500
001 stu201486
005 20180430153610.0
008 100324s2009----xo------------------slo-d
040 |a STU  |b slo 
041 0 |a slo 
044 |a xo 
100 1 |a Pifková, Hana,  |d 1985-  |4 aut  |u I300  |U FIIT Fakulta informatiky a informačných technológií  |T FIIT Ústav aplikovanej informatiky  |X 21977  |U I300  |Y 180  |7 A000021977 
245 1 |a Evolúcia koordinácie celulárnych automatov 
260 |b STU v Bratislave FIIT,  |c 2009 
300 |a 60 s  |c príl. 
650 7 |a softvérové inžinierstvo  |2 stusub 
700 1 |a Pospíchal, Jiří,  |d 1961-  |4 ths  |u I300  |U FIIT Fakulta informatiky a informačných technológií  |T FIIT Ústav aplikovanej informatiky  |X 1743  |U I300  |Y 180  |7 A000001743 
996 |c I*DP131/09  |l II680  |s P  |a 0  |w stu201486_0001